Developing community based rat management programme in kompongro district, srayrieng province កម្មវិធីគ្រប់គ្រងសត្វកណ្ដុរតាមរយៈការអភិវឌ្ឍន៍សហគមន៍ នៅស្រុកកំពង់រោទិ៍ ខេត្ដស្វាយរៀង (Record no. 350)

000 -LEADER
fixed length control field 00694nam a22001577a 4500
003 - CONTROL NUMBER IDENTIFIER
control field OSt
005 - DATE AND TIME OF LATEST TRANSACTION
control field 20150913101625.0
008 - FIXED-LENGTH DATA ELEMENTS--GENERAL INFORMATION
fixed length control field 150913b xxu||||| |||| 00| 0 eng d
040 ## - CATALOGING SOURCE
Transcribing agency RUA
082 ## - DEWEY DECIMAL CLASSIFICATION NUMBER
Classification number AGR PRO 1997 B019 Or.1
100 ## - MAIN ENTRY--PERSONAL NAME
9 (RLIN) 370
Personal name PROM, NGA.
245 ## - TITLE STATEMENT
Title Developing community based rat management programme in kompongro district, srayrieng province កម្មវិធីគ្រប់គ្រងសត្វកណ្ដុរតាមរយៈការអភិវឌ្ឍន៍សហគមន៍ នៅស្រុកកំពង់រោទិ៍ ខេត្ដស្វាយរៀង
260 ## - PUBLICATION, DISTRIBUTION, ETC. (IMPRINT)
Place of publication, distribution, etc. Phnom Penh
Name of publisher, distributor, etc. RUA
Date of publication, distribution, etc. 1997
300 ## - PHYSICAL DESCRIPTION
Extent 87p.
Other physical details ill.
Dimensions 29cm.
942 ## - ADDED ENTRY ELEMENTS (KOHA)
Source of classification or shelving scheme
Koha item type AGR
Holdings
Price effective from Date last seen Permanent Location Not for loan Date acquired Source of classification or shelving scheme Koha item type Lost status Withdrawn status Total Renewals Date last checked out Total Checkouts Shelving location Damaged status Barcode Current Location Checked out Full call number
2015-09-132017-02-03Library Block B 2015-09-13 AGR   2017-02-031B019 RUA003394Library Block B2017-03-11AGR PRO 1997 B019 Or.1
2015-09-132016-07-12Library Block B 2015-09-13 AGR  12016-07-051B019 RUA003395Library Block B AGR PRO 1997 B019 Or.2
2015-09-132015-09-13Library Block B 2015-09-13 AGR     B019 RUA003322Library Block B AGR PRO 1997 B019 Or.3
2015-09-132015-09-13Library Block B 2015-09-13 AGR     B019 RUA003467Library Block B AGR PRO 1997 B019 Or.4
2015-09-132022-06-27Library Block B 2015-09-13 AGR   2022-06-141B019 RUA003539Library Block B AGR PRO 1997 B019 Or.5
2015-09-132015-09-13Library Block B 2015-09-13 AGR     B019 RUA008175Library Block B AGR PRO 1997 B019 Or.6
2015-09-132015-09-13Library Block B 2015-09-13 AGR     B019 RUA003179Library Block B AGR PRO 1997 B019 Or.7
2015-09-132015-09-13Library Block B 2015-09-13 AGR     B019 RUA003751Library Block B AGR PRO 1997 B019 Or.8
2015-09-132015-09-13Library Block B 2015-09-13 AGR     B019 RUA003754Library Block B AGR PRO 1997 B019 Or.9
2015-09-132019-08-13Library Block B 2015-09-13 AGR   2019-07-011B019 RUA003961Library Block B AGR PRO 1997 B019 Or.10
2015-09-132015-09-13Library Block B 2015-09-13 AGR     B019 RUA003967Library Block B AGR PRO 1997 B019 Or.11
មជ្ឈមណ្ឌលឯការនៃសាកលវិទ្យាល័យភូមិន្ទកសិកម្មចំការដូង

Powered by Koha